| 000 | 00520cam a22001577a 4500 | ||
|---|---|---|---|
| 008 | 180718b1998 xxu||||| |||| 00| 0 eng d | ||
| 020 | _a8122005012 | ||
| 082 | _aBA27x54 B927 | ||
| 245 |
_aAspiring to be the tribal/indigenous condition _cedited by B.K. Roy Burman and B.G. Verghese |
||
| 260 |
_aDelhi _bKonark _c1998 |
||
| 300 | _a365p. | ||
| 650 | _aIndia --Scheduled tribes --Social conditions. | ||
| 650 | _aIndia --Scheduled tribes --Economic conditions | ||
| 700 | _aVerghese, B.G. | ||
| 700 | _aBurman, B.K. Roy | ||
| 999 |
_c387232 _d387232 |
||